1708 1964 1366 1662 1539 1350 1119 1319 1853 1420 1419 1203 1554 1539 1499 1734 1802 1626 1168 1007 1662 1641 1026 1639 1433 1493 1928 1201 1640 1024 1960 1345 1455 1929 1259 1332 1293 1701 1932 1199 1398 1218 1390 1808 1159 1169 1590 1880 1485 1669 1745 1665 1974 1358 1705 1270 1251 1428 1908 1672 1067 1186 1356 1702 1875 1586 1371 1657 1616 1249 1573 1424 1007 1465 1088 1983 1978 1812 1235 1174 1884 1729 1010 1599 1401 1948 1368 1798 1224 1291 1399 1468 1442 1711 1794 1787 1646 1932 1902 BCNSPRNW ULIB Ver.6.0+V

เปลี่ยนเป็นภาษาไทย

Change to English
 แสดงรายละเอียดบรรณานุกรม
  กลับหน้าหลัก

Brief Record : Get Marc (ISO 2709) : E-mail record : QR code < ปิดหน้าต่าง
LEADER : 00000nam 2200000uu 4500
001    13399124375
003     ULIB
008    150529s2557||||th 000 0 tha d
099    วจ.LB3051^bพ716ก
100 0  พิมพ์ใจ อุ่นบ้าน, ประกายแก้ว ธนสุวรรณ, วรรณภา พิพัฒน์ธนวงศ์ และอภิวันท์ แก้ววรรณรัตน์
245 00 การประเมินผลการเรียนการสอนวิชาปฏิบัติการพยาบาลครอบครัวชุมชน 2 /^cพิมพ์ใจ อุ่นบ้าน, ประกายแก้ว ธนสุวรรณ, วรรณภา พิพัฒน์ธนวงศ์ และอภิวันท์ แก้ววรรณรัตน์
260    เชียงใหม่:^bวิทยาลัยพยาบาลบรมราชชนนี เชียงใหม่,^c2557
300    84 หน้า
650  4 การประเมินผลการเรียนการสอน^xวิจัย
700 0  ประกายแก้ว ธนสุวรรณ,^eผู้ร่วมวิจัย
700 0  วรรณภา พิพัฒน์ธนวงศ์,^eผู้ร่วมวิจัย
700 0  อภิวันท์ แก้ววรรณรัตน์,^eผู้ร่วมวิจัย
945    ^p0^l0^i039455
999    ^aเกษร โพธิ์สุวรรณ
รายการนี้ยังไม่มีแท็ก
คุณยังไม่ได้ล็อกอิน คุณสามารถมีกิจกรรมร่วมกับเว็บไซต์ได้ แต่ต้องล็อกอินก่อน ::
  ล็อกอิน

รายการสื่อสารสนเทศ

ลำดับที่ ประเภท เลขเรียก/บาร์โค้ด สถานที่ สถานะ
1. งานวิจัย
งานวิจัย
วจ.LB3051 พ716ก ฉ.1 
  Barcode: 039455
ห้องสมุดวิทยาเขตสวรรค์ประชารักษ์
►วิจัย
บนชั้น

BibComment


ยังไม่เคยถูกคอมเมนท์

คอมเมนท์ทรัพยากรรายการนี้
  คอมเมนท์: การประเมินผลการเร..


 Copyright 2026. Bcnsprnw @Library